000 00572nam a2200193Ia 4500
005 20250508163330.0
008 008 250505s9999 xx 000 0 eng d
037 _aTextual
040 _aFEDL
_beng
_cFEDL
041 _aeng
_2eng
084 _a821.07, DAV
_qFEDL
100 _aDavies Amy Z
_9775141
245 0 _aHow to teach poetry: An african perspective
260 _aLondon, UK
_bHeinemann Educational Books Ltd.
_c1984
300 _aviii,148p.
700 _a Stratton Florence
_9775142
942 _cTEXL
_h821.07, DAV
999 _c1382370
_d1382370